00543nam a2200241Ia 4500008004100000020001600041100001800057245001900075245001800094260001500112260002000127260000900147300001700156300001000173650001400183650001300197650001300210650002100223650001300244650001300257650002200270700000900292160803s9999 xx 000 0 und d a0 43986559X aPaulsen, Gary aBrian's hunt / cGary Paulsen. aNew York : bScholastic Inc. c2003 a103 pages :  c22 cm aBears --  aDogs --  aDogs --  aHunting stories. xFiction. xFiction. xJuvenile fiction. a1180